<?xml version="1.0" encoding="UTF-8"?>
<record
    xmlns:xsi="http://www.w3.org/2001/XMLSchema-instance"
    xsi:schemaLocation="http://www.loc.gov/MARC21/slim http://www.loc.gov/standards/marcxml/schema/MARC21slim.xsd"
    xmlns="http://www.loc.gov/MARC21/slim">

  <leader>00889nam a22001577a 4500</leader>
  <controlfield tag="003">OSt</controlfield>
  <controlfield tag="005">20150928154825.0</controlfield>
  <controlfield tag="008">150928b        xxu||||| |||| 00| 0 eng d</controlfield>
  <datafield tag="040" ind1=" " ind2=" ">
    <subfield code="c">RUA</subfield>
  </datafield>
  <datafield tag="082" ind1=" " ind2=" ">
    <subfield code="a">ATM.Sp LON 2003 B059 Or.1</subfield>
  </datafield>
  <datafield tag="100" ind1=" " ind2=" ">
    <subfield code="9">1498</subfield>
    <subfield code="a">LONG, SOPHARY.</subfield>
  </datafield>
  <datafield tag="245" ind1=" " ind2=" ">
    <subfield code="a">Boll worm on tomato and control measure by spinosad and decis in Peri-urban agricultural center kompong speu province, &#x1780;&#x17B6;&#x179A;&#x1794;&#x17C6;&#x1795;&#x17D2;&#x179B;&#x17B6;&#x1789;&#x179A;&#x1794;&#x179F;&#x17CB;&#x178A;&#x1784;&#x17D2;&#x1780;&#x17BC;&#x179C;&#x1785;&#x17C4;&#x17C7;&#x1795;&#x17D2;&#x179B;&#x17C2;&#x179B;&#x17BE;&#x178A;&#x17C6;&#x178E;&#x17B6;&#x17C6;&#x1794;&#x17C9;&#x17C1;&#x1784;&#x1794;&#x17C9;&#x17C4;&#x17C7; &#x1793;&#x17B7;&#x1784;&#x179C;&#x17B7;&#x1792;&#x17B6;&#x1793;&#x1780;&#x17B6;&#x179A;&#x1780;&#x17C6;&#x1785;&#x17B6;&#x178F;&#x17CB;&#x178A;&#x17C4;&#x1799;&#x1794;&#x17D2;&#x179A;&#x17BE;&#x1790;&#x17D2;&#x1793;&#x17B6;&#x17C6;&#x179F;&#x17D2;&#x1796;&#x17B8;&#x178E;&#x17BC;&#x179F;&#x17B6;&#x178A; &#x1793;&#x17B7;&#x1784;&#x200B;&#x178A;&#x17C1;&#x179F;&#x17CA;&#x17B8;&#x179F;&#x1780;&#x17D2;&#x1793;&#x17BB;&#x1784;&#x179B;&#x1780;&#x17D2;&#x1781;&#x1781;&#x17D0;&#x178E;&#x17D2;&#x178C;&#x1798;&#x1787;&#x17D2;&#x1788;&#x1798;&#x178E;&#x17D2;&#x178C;&#x179B;&#x1780;&#x179F;&#x17B7;&#x1780;&#x1798;&#x17D2;&#x1798;&#x1781;&#x17C1;&#x178F;&#x17D2;&#x178F;&#x1780;&#x17C6;&#x1796;&#x1784;&#x17CB;&#x179F;&#x17D2;&#x1796;&#x17BA;</subfield>
  </datafield>
  <datafield tag="260" ind1=" " ind2=" ">
    <subfield code="a">Phnom Penh</subfield>
    <subfield code="b">RUA</subfield>
    <subfield code="c">2003</subfield>
  </datafield>
  <datafield tag="300" ind1=" " ind2=" ">
    <subfield code="a">51p.</subfield>
    <subfield code="b">ill.</subfield>
    <subfield code="c">29cm.</subfield>
  </datafield>
  <datafield tag="942" ind1=" " ind2=" ">
    <subfield code="2">ddc</subfield>
    <subfield code="c">ATMSP</subfield>
  </datafield>
  <datafield tag="999" ind1=" " ind2=" ">
    <subfield code="c">1409</subfield>
    <subfield code="d">1409</subfield>
  </datafield>
  <datafield tag="952" ind1=" " ind2=" ">
    <subfield code="0">0</subfield>
    <subfield code="1">0</subfield>
    <subfield code="2">ddc</subfield>
    <subfield code="4">0</subfield>
    <subfield code="6">ATM__SP_LON_2003_000000000000000_B059_OR_1</subfield>
    <subfield code="7">0</subfield>
    <subfield code="9">6153</subfield>
    <subfield code="a">LBB</subfield>
    <subfield code="b">LBB</subfield>
    <subfield code="c">B059</subfield>
    <subfield code="d">2015-09-28</subfield>
    <subfield code="o">ATM.Sp LON 2003 B059 Or.1</subfield>
    <subfield code="p">RUA001399</subfield>
    <subfield code="r">2015-09-28</subfield>
    <subfield code="w">2015-09-28</subfield>
    <subfield code="y">ATMSP</subfield>
  </datafield>
  <datafield tag="952" ind1=" " ind2=" ">
    <subfield code="0">0</subfield>
    <subfield code="1">0</subfield>
    <subfield code="2">ddc</subfield>
    <subfield code="4">0</subfield>
    <subfield code="6">ATM__SP_LON_2003_000000000000000_B059_OR_2</subfield>
    <subfield code="7">0</subfield>
    <subfield code="9">6154</subfield>
    <subfield code="a">LBB</subfield>
    <subfield code="b">LBB</subfield>
    <subfield code="c">B059</subfield>
    <subfield code="d">2015-09-28</subfield>
    <subfield code="o">ATM.Sp LON 2003 B059 Or.2</subfield>
    <subfield code="p">RUA001592</subfield>
    <subfield code="r">2015-09-28</subfield>
    <subfield code="w">2015-09-28</subfield>
    <subfield code="y">ATMSP</subfield>
  </datafield>
  <datafield tag="952" ind1=" " ind2=" ">
    <subfield code="0">0</subfield>
    <subfield code="1">0</subfield>
    <subfield code="2">ddc</subfield>
    <subfield code="4">0</subfield>
    <subfield code="6">ATM__SP_LON_2003_000000000000000_B059_OR_3</subfield>
    <subfield code="7">0</subfield>
    <subfield code="9">6155</subfield>
    <subfield code="a">LBB</subfield>
    <subfield code="b">LBB</subfield>
    <subfield code="c">B059</subfield>
    <subfield code="d">2015-09-28</subfield>
    <subfield code="o">ATM.Sp LON 2003 B059 Or.3</subfield>
    <subfield code="p">RUA001303</subfield>
    <subfield code="r">2015-09-28</subfield>
    <subfield code="w">2015-09-28</subfield>
    <subfield code="y">ATMSP</subfield>
  </datafield>
  <datafield tag="952" ind1=" " ind2=" ">
    <subfield code="0">0</subfield>
    <subfield code="1">0</subfield>
    <subfield code="2">ddc</subfield>
    <subfield code="4">0</subfield>
    <subfield code="6">ATM__SP_LON_2003_000000000000000_B059_OR_4</subfield>
    <subfield code="7">0</subfield>
    <subfield code="9">6156</subfield>
    <subfield code="a">LBB</subfield>
    <subfield code="b">LBB</subfield>
    <subfield code="c">B059</subfield>
    <subfield code="d">2015-09-28</subfield>
    <subfield code="o">ATM.Sp LON 2003 B059 Or.4</subfield>
    <subfield code="p">RUA001536</subfield>
    <subfield code="r">2015-09-28</subfield>
    <subfield code="w">2015-09-28</subfield>
    <subfield code="y">ATMSP</subfield>
  </datafield>
  <datafield tag="952" ind1=" " ind2=" ">
    <subfield code="0">0</subfield>
    <subfield code="1">0</subfield>
    <subfield code="2">ddc</subfield>
    <subfield code="4">0</subfield>
    <subfield code="6">ATM__SP_LON_2003_000000000000000_B059_OR_5</subfield>
    <subfield code="7">0</subfield>
    <subfield code="9">6157</subfield>
    <subfield code="a">LBB</subfield>
    <subfield code="b">LBB</subfield>
    <subfield code="c">B059</subfield>
    <subfield code="d">2015-09-28</subfield>
    <subfield code="o">ATM.Sp LON 2003 B059 Or.5</subfield>
    <subfield code="p">RUA001464</subfield>
    <subfield code="r">2015-09-28</subfield>
    <subfield code="w">2015-09-28</subfield>
    <subfield code="y">ATMSP</subfield>
  </datafield>
  <datafield tag="952" ind1=" " ind2=" ">
    <subfield code="0">0</subfield>
    <subfield code="1">0</subfield>
    <subfield code="2">ddc</subfield>
    <subfield code="4">0</subfield>
    <subfield code="6">ATM__SP_LON_2003_000000000000000_B059_OR_6</subfield>
    <subfield code="7">0</subfield>
    <subfield code="9">6158</subfield>
    <subfield code="a">LBB</subfield>
    <subfield code="b">LBB</subfield>
    <subfield code="c">B059</subfield>
    <subfield code="d">2015-09-28</subfield>
    <subfield code="o">ATM.Sp LON 2003 B059 Or.6</subfield>
    <subfield code="p">RUA001392</subfield>
    <subfield code="r">2015-09-28</subfield>
    <subfield code="w">2015-09-28</subfield>
    <subfield code="y">ATMSP</subfield>
  </datafield>
  <datafield tag="952" ind1=" " ind2=" ">
    <subfield code="0">0</subfield>
    <subfield code="1">0</subfield>
    <subfield code="2">ddc</subfield>
    <subfield code="4">0</subfield>
    <subfield code="6">ATM__SP_LON_2003_000000000000000_B059_OR_7</subfield>
    <subfield code="7">0</subfield>
    <subfield code="9">6159</subfield>
    <subfield code="a">LBB</subfield>
    <subfield code="b">LBB</subfield>
    <subfield code="c">B059</subfield>
    <subfield code="d">2015-09-28</subfield>
    <subfield code="o">ATM.Sp LON 2003 B059 Or.7</subfield>
    <subfield code="p">RUA001193</subfield>
    <subfield code="r">2015-09-28</subfield>
    <subfield code="w">2015-09-28</subfield>
    <subfield code="y">ATMSP</subfield>
  </datafield>
</record>
